| 000 | 00972nam a22002655i 4500 | ||
|---|---|---|---|
| 001 | 68574 | ||
| 003 | ES-MaACL | ||
| 005 | 20250901032925.0 | ||
| 007 | t| | ||
| 008 | 960809e1832 xxk ||||1| eng d | ||
| 040 |
_aCAM _bspa _cCAM |
||
| 080 | _a616.932 | ||
| 100 | 1 |
_aGaselee, Charles _eaut _955871 |
|
| 245 | 1 | 2 |
_aA practical treatise on cholera : _bas it has appeared in various parts of the metropolis / _cby Charles Gaselee and Alexander Tweedie. |
| 260 |
_aLondon : _bSmith, Elder and Co., _c1832 _f(Stewart and Co.) |
||
| 300 |
_a[4], 79 páginas ; _c23 cm. |
||
| 530 | _aDisponible en formato digital | ||
| 650 | 7 |
_aCólera _2embne _911143 |
|
| 700 | 1 |
_aTweedie, Alexander, _d1794-1884 _eaut _9111793 |
|
| 852 |
_aES-MaACL _cDEPOF _jT-493-F-2 |
||
| 856 |
_uhttps://archive.org/details/b31891299/page/n1/mode/2up _yVersión en línea _z(Internet Archive) |
||
| 942 |
_2udc _cFOLLETOS _n0 |
||
| 999 |
_c68574 _d68574 |
||